000 00347nam a2200133 i 4500
001 bg
100 1 _aLAPRUS, Włodzimierz
245 0 _aMetoda fal biegnących dla równań hiperbolicznych... /
_cWłodzimierz Laprus.
260 _aWarszawa,
_c1980.
040 _cBPK
041 _apol
942 _cKS
008 s pl f |000 0 pol
999 _c20870
_d20870
856 _uhttp://koha.tu.koszalin.pl/cgi-bin/koha/opac-detail.pl?biblionumber=20870
_yKatalog online BPK